000 00570nam a2200193 i 4500
001 95382
003 ES-MaACL
005 20230906181708.0
007 t|
008 050527s1963 sp ||||1| spa d
100 1 _aLlano Cifuentes, Rafael.
_972700
245 1 0 _aNaturaleza jurídica de la "fictio iuris" /
_cRafael Llano Cifuentes.
260 _aMadrid :
_bRialp,
_c1963.
300 _a199 p. ;
_c23 cm.
490 1 _aEstudio general de Navarra
830 0 _aEstudio general de Navarra
_9183377
852 _aES-MaACL
_jC-23375
_bR.51778
999 _c95382
_d95382